01116cam a2200277 i 450000100090000000300050000900500170001400800410003101000170007202000180008902000150010704000280012204200080015005000240015808200140018210000230019624503940021925000180061326000300063130000440066150000220070565000240072765000380075165000200078970000290080917969271PILC20160309164257.0131212s2015 maua 001 0 eng  a 2013047454 a9780133126129 a0133126129 aDLCbengcDLCerdadDLC apcc00aHD 30.28b.W43 201500a658.4/0121 aWheelen, Thomas L.10aConcepts in strategic management and business policy :bglobalization, innovation, and sustainability /cThomas L. Wheelen, Formerly with University of Virginia Trinity College, Dublin, Ireland, J. David Hunger, Iowa State University St. John's University ; Charles E. Bamford, University of Norte Dame ; with major contributions by Kathryn E. Wheelen, Alan N. Hoffman, Bentley University. a14th edition. aBoston :bPearson,c2015. axx, 357 pages :billustrations ;c26 cm aIncludes indexes. 0aStrategic planning. 0aStrategic planningvCase studies. 0aSustainability.1 aHunger, J. David,d1941-